<?xml version="1.0" encoding="UTF-8"?>
<record
    xmlns:xsi="http://www.w3.org/2001/XMLSchema-instance"
    xsi:schemaLocation="http://www.loc.gov/MARC21/slim http://www.loc.gov/standards/marcxml/schema/MARC21slim.xsd"
    xmlns="http://www.loc.gov/MARC21/slim">

  <leader>02621nkm0a2200457   4500</leader>
  <controlfield tag="001">RU\NLR\BIBL_A\012030149</controlfield>
  <controlfield tag="005">20260426051030.0</controlfield>
  <datafield tag="035" ind1=" " ind2=" ">
    <subfield code="a">(NLR Aleph) 012030149</subfield>
  </datafield>
  <datafield tag="090" ind1=" " ind2=" ">
    <subfield code="a">13690761</subfield>
    <subfield code="c">13690761</subfield>
  </datafield>
  <datafield tag="100" ind1=" " ind2=" ">
    <subfield code="a">20260426              rusy50        </subfield>
  </datafield>
  <datafield tag="101" ind1="0" ind2=" ">
    <subfield code="a">rus</subfield>
  </datafield>
  <datafield tag="102" ind1=" " ind2=" ">
    <subfield code="a">RU</subfield>
  </datafield>
  <datafield tag="116" ind1=" " ind2=" ">
    <subfield code="a">iiyaxx    cb    zz</subfield>
  </datafield>
  <datafield tag="135" ind1=" " ind2=" ">
    <subfield code="a">crcn 024anaba</subfield>
  </datafield>
  <datafield tag="200" ind1="1" ind2=" ">
    <subfield code="a">[&#x418;&#x437;&#x432;&#x435;&#x441;&#x442;&#x438;&#x435; 1739 &#x433;&#x43E;&#x434;&#x430; &#x43E; &#x434;&#x432;&#x443;&#x445; &#x447;&#x443;&#x434;&#x430;&#x445;, &#x43B;&#x435;&#x441;&#x43D;&#x43E;&#x43C; &#x438; &#x43C;&#x43E;&#x440;&#x441;&#x43A;&#x43E;&#x43C;, &#x43F;&#x43E;&#x439;&#x43C;&#x430;&#x43D;&#x43D;&#x44B;&#x445; &#x432; &#x418;&#x441;&#x43F;&#x430;&#x43D;&#x438;&#x438;]</subfield>
    <subfield code="b">&#x418;&#x437;&#x43E;&#x43C;&#x430;&#x442;&#x435;&#x440;&#x438;&#x430;&#x43B;</subfield>
    <subfield code="e">&#x41A;&#x43E;&#x43F;&#x438;&#x44F; &#x438;&#x437;&#x433;&#x438;&#x448;&#x43F;&#x430;&#x43D;&#x441;&#x43A;&#x430;&#x433;&#x43E; &#x43C;&#x435;&#x441;&#x442;&#x435;&#x447;&#x43A;&#x430; &#x432;&#x438;&#x433;&#x43E;&#x441;&#x430; ...</subfield>
    <subfield code="e">&#x427;&#x443;&#x434;&#x43E; &#x43B;&#x435;&#x441;&#x43D;&#x43E;&#x435;, &#x43F;&#x43E;&#x438;&#x43C;&#x430;&#x43D;&#x43E; &#x432;&#x435;&#x441;&#x43D;&#x43E;&#x44E;</subfield>
    <subfield code="e">[&#x43B;&#x443;&#x431;&#x43E;&#x43A;]</subfield>
  </datafield>
  <datafield tag="210" ind1=" " ind2=" ">
    <subfield code="a">[&#x41C;&#x43E;&#x441;&#x43A;&#x432;&#x430;</subfield>
    <subfield code="d">17--]</subfield>
  </datafield>
  <datafield tag="215" ind1=" " ind2=" ">
    <subfield code="a">1 &#x43B;.</subfield>
    <subfield code="c">&#x440;&#x435;&#x437;&#x446;. &#x433;&#x440;&#x430;&#x432;., &#x43E;&#x444;&#x43E;&#x440;&#x442;</subfield>
    <subfield code="d">32,2&#x445;39,7</subfield>
  </datafield>
  <datafield tag="300" ind1=" " ind2=" ">
    <subfield code="a">&#x41E;&#x442;&#x442;&#x438;&#x441;&#x43A; &#x441; &#x434;&#x43E;&#x441;&#x43A;&#x438; &#x43F;&#x435;&#x440;&#x432;&#x43E;&#x439; &#x43F;&#x43E;&#x43B;&#x43E;&#x432;&#x438;&#x43D;&#x44B; 18 &#x432;.</subfield>
  </datafield>
  <datafield tag="316" ind1=" " ind2=" ">
    <subfield code="a">&#x41B;&#x438;&#x441;&#x442; &#x43E;&#x431;&#x440;&#x435;&#x437;&#x430;&#x43D; &#x43F;&#x43E; &#x440;&#x430;&#x43C;&#x43A;&#x435;</subfield>
    <subfield code="5">NLR</subfield>
  </datafield>
  <datafield tag="317" ind1=" " ind2=" ">
    <subfield code="a">&#x418;&#x437; &#x441;&#x43E;&#x431;&#x440;&#x430;&#x43D;&#x438;&#x44F; &#x410;.&#x412;. &#x41E;&#x43B;&#x441;&#x443;&#x444;&#x44C;&#x435;&#x432;&#x430;</subfield>
    <subfield code="5">NLR</subfield>
  </datafield>
  <datafield tag="325" ind1=" " ind2=" ">
    <subfield code="a">&#x41A;&#x43E;&#x43F;&#x438;&#x44F; &#x434;&#x43E;&#x441;&#x442;&#x443;&#x43F;&#x43D;&#x430; &#x432; &#x44D;&#x43B;&#x435;&#x43A;&#x442;&#x440;&#x43E;&#x43D;&#x43D;&#x43E;&#x439; &#x431;&#x438;&#x431;&#x43B;&#x438;&#x43E;&#x442;&#x435;&#x43A;&#x435; &#x420;&#x41D;&#x411;</subfield>
  </datafield>
  <datafield tag="518" ind1="1" ind2=" ">
    <subfield code="a">&#x418;&#x437;&#x432;&#x435;&#x441;&#x442;&#x438;&#x435; 1739 &#x433;&#x43E;&#x434;&#x430; &#x43E; &#x434;&#x432;&#x443;&#x445; &#x447;&#x443;&#x434;&#x430;&#x445;, &#x43B;&#x435;&#x441;&#x43D;&#x43E;&#x43C; &#x438; &#x43C;&#x43E;&#x440;&#x441;&#x43A;&#x43E;&#x43C;, &#x43F;&#x43E;&#x439;&#x43C;&#x430;&#x43D;&#x43D;&#x44B;&#x445; &#x432; &#x418;&#x441;&#x43F;&#x430;&#x43D;&#x438;&#x438;</subfield>
    <subfield code="e">&#x41A;&#x43E;&#x43F;&#x438;&#x44F; &#x438;&#x437; &#x438;&#x441;&#x43F;&#x430;&#x43D;&#x441;&#x43A;&#x43E;&#x433;&#x43E; &#x43C;&#x435;&#x441;&#x442;&#x435;&#x447;&#x43A;&#x430; &#x412;&#x438;&#x433;&#x43E;&#x441;&#x430; ...</subfield>
    <subfield code="e">&#x427;&#x443;&#x434;&#x43E; &#x43B;&#x435;&#x441;&#x43D;&#x43E;&#x435;, &#x43F;&#x43E;&#x439;&#x43C;&#x430;&#x43D;&#x43E; &#x432;&#x435;&#x441;&#x43D;&#x43E;&#x44E;</subfield>
  </datafield>
  <datafield tag="606" ind1="1" ind2=" ">
    <subfield code="a">&#x41B;&#x443;&#x431;&#x43E;&#x43A; &#x440;&#x443;&#x441;&#x441;&#x43A;&#x438;&#x439;</subfield>
    <subfield code="z">18 &#x432;.</subfield>
    <subfield code="9">2397267</subfield>
    <subfield code="3">RU\NLR\AUTH\6601649195</subfield>
  </datafield>
  <datafield tag="686" ind1="1" ind2=" ">
    <subfield code="a">&#x429;153(2&#x420;=&#x420;&#x443;&#x441;)4-465</subfield>
  </datafield>
  <datafield tag="702" ind1=" " ind2="1">
    <subfield code="4">730</subfield>
    <subfield code="7">ca</subfield>
    <subfield code="8">rus</subfield>
    <subfield code="a">&#x41E;&#x43B;&#x441;&#x443;&#x444;&#x44C;&#x435;&#x432;</subfield>
    <subfield code="b">&#x410;. &#x412;.</subfield>
    <subfield code="f">1721-1784</subfield>
    <subfield code="g">&#x410;&#x434;&#x430;&#x43C; &#x412;&#x430;&#x441;&#x438;&#x43B;&#x44C;&#x435;&#x432;&#x438;&#x447;</subfield>
    <subfield code="9">206075</subfield>
    <subfield code="3">RU\NLR\AUTH\770206127</subfield>
  </datafield>
  <datafield tag="712" ind1="0" ind2="2">
    <subfield code="4">570</subfield>
    <subfield code="a">"&#x421;&#x430;&#x43D;&#x43A;&#x442;-&#x41F;&#x435;&#x442;&#x435;&#x440;&#x431;&#x443;&#x440;&#x433;&#x441;&#x43A;&#x438;&#x435; &#x432;&#x435;&#x434;&#x43E;&#x43C;&#x43E;&#x441;&#x442;&#x438;", &#x433;&#x430;&#x437;&#x435;&#x442;&#x430;</subfield>
    <subfield code="9">453679</subfield>
    <subfield code="3">RU\NLR\AUTH\889978554</subfield>
  </datafield>
  <datafield tag="830" ind1=" " ind2=" ">
    <subfield code="a">&#x420;&#x43E;&#x432;&#x438;&#x43D;&#x441;&#x43A;&#x438;&#x439; &#x414;.&#x410;. &#x420;&#x443;&#x441;&#x441;&#x43A;&#x438;&#x435; &#x43D;&#x430;&#x440;&#x43E;&#x434;&#x43D;&#x44B;&#x435; &#x43A;&#x430;&#x440;&#x442;&#x438;&#x43D;&#x43A;&#x438; : &#x43A;&#x43D;. 1-5. &#x421;&#x430;&#x43D;&#x43A;&#x442;-&#x41F;&#x435;&#x442;&#x435;&#x440;&#x431;&#x443;&#x440;&#x433; : &#x442;&#x438;&#x43F;. &#x410;&#x43A;&#x430;&#x434;. &#x43D;&#x430;&#x443;&#x43A;, 1881. &#x422;. 2. &#x2116; 309&#x431;. &#x41C;.&#x41C;. &#x41E;&#x42D;&#x441;&#x442;</subfield>
  </datafield>
  <datafield tag="852" ind1="0" ind2="0">
    <subfield code="a">NLR</subfield>
    <subfield code="b">&#x42D;</subfield>
    <subfield code="j">&#x41E;&#x43B;&#x441;/6-1137,1138</subfield>
    <subfield code="m">&#x42D;&#x436;932</subfield>
  </datafield>
  <datafield tag="856" ind1=" " ind2="0">
    <subfield code="u">http://vivaldi.nlr.ru/lk000010064/view</subfield>
  </datafield>
  <datafield tag="856" ind1=" " ind2="1">
    <subfield code="u">http://vivaldi.nlr.ru/lk000010064/cover</subfield>
  </datafield>
  <datafield tag="856" ind1=" " ind2="2">
    <subfield code="u">http://vivaldi.nlr.ru/lk000010064/text</subfield>
  </datafield>
  <datafield tag="942" ind1=" " ind2=" ">
    <subfield code="c">VISUAL</subfield>
  </datafield>
  <datafield tag="980" ind1="3" ind2=" ">
    <subfield code="a">kplubok</subfield>
  </datafield>
  <datafield tag="980" ind1="3" ind2=" ">
    <subfield code="a">kp</subfield>
  </datafield>
  <datafield tag="980" ind1=" " ind2=" ">
    <subfield code="a">NB</subfield>
  </datafield>
  <datafield tag="981" ind1="1" ind2="7">
    <subfield code="a">(17) &#x418;&#x437;&#x43E;&#x433;&#x440;&#x430;&#x444;&#x438;&#x447;&#x435;&#x441;&#x43A;&#x438;&#x435; &#x43C;&#x430;&#x442;&#x435;&#x440;&#x438;&#x430;&#x43B;&#x44B;</subfield>
    <subfield code="b">(17) &#x42D;&#x441;&#x442;&#x430;&#x43C;&#x43F;&#x44B;</subfield>
  </datafield>
</record>
